Detalles MARC
| 000 -LEADER |
| fixed length control field |
01955nam a2200313 a 4500 |
| 001 - CONTROL NUMBER |
| control field |
000014884 |
| 003 - CONTROL NUMBER IDENTIFIER |
| control field |
DO-SdBNP |
| 005 - DATE AND TIME OF LATEST TRANSACTION |
| control field |
20170224102319.0 |
| 008 - FIXED-LENGTH DATA ELEMENTS--GENERAL INFORMATION |
| fixed length control field |
100127s2008 dr abd 001 0 spa d |
| 020 ## - INTERNATIONAL STANDARD BOOK NUMBER |
| International Standard Book Number |
9945859501 |
| 040 ## - CATALOGING SOURCE |
| Original cataloging agency |
BPMSU |
| Language of cataloging |
spa |
| Transcribing agency |
BPMSU |
| 092 ## - LOCALLY ASSIGNED DEWEY CALL NUMBER (OCLC) |
| Classification number |
333.95 |
| Item number |
F727a, 2008 |
| 111 2# - MAIN ENTRY--MEETING NAME |
| Meeting name or jurisdiction name as entry element |
Foro sobre Desarrollo Humano |
| Date of meeting |
(1: 2006: |
| Location of meeting |
Santo Domingo ) |
| 245 10 - TITLE STATEMENT |
| Title |
Áreas protegidas y desarrollo humano : |
| Remainder of title |
¿por qué proteger a una iguana cuando hay niños desnutridos ? / |
| Statement of responsibility, etc. |
coordinación general Rosa Cañete Alonso y Miguel Silva. |
| 250 ## - EDITION STATEMENT |
| Edition statement |
2a. ed. |
| 260 ## - PUBLICATION, DISTRIBUTION, ETC. (IMPRINT) |
| Place of publication, distribution, etc. |
Santo Domingo : |
| Name of publisher, distributor, etc. |
PNUD, |
| Date of publication, distribution, etc. |
2008. |
| 300 ## - PHYSICAL DESCRIPTION |
| Extent |
157 p. : |
| Other physical details |
il., gráf., mapas |
| Dimensions |
23 cm. |
| 504 ## - BIBLIOGRAPHY, ETC. NOTE |
| Bibliography, etc |
Bibliografía ; p. 147 151 |
| 505 0# - FORMATTED CONTENTS NOTE |
| Formatted contents note |
Prólogo -- Introducción -- Áreas protegidas y desarrollo humano -- El Sistema Nacional de Áreas Protegidas de República Dominicana (1956-2006): 50 años de evolución histórica hacia el desarrollo humano -- Conflictos entre involucrados con el uso y gestión de las áreas protegidas -- Participación del público y respuestas de los expositores -- Las experiencias exitosas de Bolivia, Bostwana, Perú, Ghana y Congo -- El programa de pequeños subsidios: su contribución al desarrollo y empoderamiento local --Reserva científica Loma Quita Espuela, provincia Duarte -- Monumento natural Salto del Limón, provincia Samaná -- Participación del público -- Conclusión -- Notas -- Bibliografía -- Anexos. |
| 650 #4 - SUBJECT ADDED ENTRY--TOPICAL TERM |
| Topical term or geographic name as entry element |
ÁREAS PROTEGIDAS |
| Geographic subdivision |
REPÚBLICA DOMINICANA |
| General subdivision |
CONGRESOS, CONFERENCIAS, ETC. |
| 650 #4 - SUBJECT ADDED ENTRY--TOPICAL TERM |
| Topical term or geographic name as entry element |
CONSERVACIÓN RECURSOS NATURALES |
| Geographic subdivision |
REPÚBLICA DOMINICANA |
| General subdivision |
CONGRESOS, CONFERENCIAS, ETC. |
| 650 #4 - SUBJECT ADDED ENTRY--TOPICAL TERM |
| Topical term or geographic name as entry element |
PARQUES NACIONALES |
| Geographic subdivision |
REPÚBLICA DOMINICANA |
| General subdivision |
CONGRESOS, CONFERENCIAS, ETC. |
| 700 12 - ADDED ENTRY--PERSONAL NAME |
| Personal name |
Silva, Miguel, |
| Relator term |
coor. |
| 700 12 - ADDED ENTRY--PERSONAL NAME |
| Personal name |
Cañete Alonso, Rosa, |
| Relator term |
coor. |
| 710 2# - ADDED ENTRY--CORPORATE NAME |
| Corporate name or jurisdiction name as entry element |
Programa de las Naciones Unidas para el Desarrollo |
| 910 ## - USER-OPTION DATA (OCLC) |
| User-option data |
|
| 942 ## - ADDED ENTRY ELEMENTS (KOHA) |
| Source of classification or shelving scheme |
Dewey Decimal Classification |
| Koha item type |
Libros |
| 956 ## - LOCAL ELECTRONIC LOCATION AND ACCESS (OCLC) |
| Host name |
VMATEO |
| Access number |
10 |
| Compression information |
20170224 |
| Logon |
BPMSU |
| Processor of request |
0069 |